[Event "GER MS-285 email"]
[Site "GER email"]
[Date "2018.07.30"]
[Round "?"]
[White "Lelgemann, Ludwig"]
[Black "Schatz, Dieter"]
[Result "1/2-1/2"]
[WhiteElo "1968"]
[BlackElo "1924"]
[PlyCount "77"]
[EventDate "2018.08.09"]
[EventType "tourn (corr)"]
[EventRounds "6"]
[EventCountry "GER"]
[SourceTitle "Corr 2020"]
[Source "ChessBase"]
[SourceDate "2019.09.30"]
[SourceVersion "1"]
[SourceVersionDate "2019.09.30"]
[SourceQuality "1"]

1. d4 e6 2. e4 d5 3. Nc3 Bb4 4. e5 c5 5. a3 Bxc3+ 6. bxc3 Ne7 7. Qg4 0-0 8. Nf3 Nbc6 9. Bd3 f5 10. exf6 Rxf6 11. Bg5 Rf7 12. Qh4 h6 13. Bxe7 Qxe7 14. Qxe7 Rxe7 15. dxc5 e5 16. Nd2 e4 17. Be2 Ne5 18. 0-0-0 Bf5 19. Nb3 Bg4 20. Rhe1 Bxe2 21. Rxe2 Rd8 22. h3 Rdd7 23. Na5 b6 24. c4 d4 25. cxb6 axb6 26. Nb3 Nxc4 27. Rxd4 Rxd4 28. Nxd4 Nxa3 29. Nf5 Rc7 30. Nd6 e3 31. fxe3 Rc6 32. Nf5 Rc5 33. Nd4 Nc4 34. Nb3 Rc8 35. Nd2 Na3 36. Nf3 Rc3 37. e4 Nc4 38. Nd2 Ne5 39. Kd1 1/2-1/2

[Event "GER MS-285 email"]
[Site "GER email"]
[Date "2018.07.30"]
[Round "?"]
[White "Schatz, Dieter"]
[Black "Nitschke, Norbert"]
[Result "1/2-1/2"]
[WhiteElo "1924"]
[BlackElo "2018"]
[PlyCount "53"]
[EventDate "2018.08.09"]
[EventType "tourn (corr)"]
[EventRounds "6"]
[EventCountry "GER"]
[SourceTitle "Corr 2020"]
[Source "ChessBase"]
[SourceDate "2019.09.30"]
[SourceVersion "1"]
[SourceVersionDate "2019.09.30"]
[SourceQuality "1"]

1. e4 c5 2. Nf3 d6 3. Bb5+ Nd7 4. Ba4 e6 5. 0-0 Ngf6 6. d4 Nxe4 7. Re1 d5 8. c4 Be7 9. cxd5 exd5 10. dxc5 0-0 11. Qxd5 Nef6 12. Qd1 Nxc5 13. Bc2 Nd5 14. a3 Be6 15. Nd4 Bf6 16. Nxe6 Nxe6 17. Bb3 Qa5 18. Qd2 Qxd2 19. Nxd2 Nd4 20. Bd1 Rac8 21. Ne4 Be5 22. Rb1 Bf4 23. Bxf4 Nxf4 24. Ng5 Rfe8 25. Rxe8+ Rxe8 26. Kf1 Rc8 27. Nf3 1/2-1/2

[Event "Oberliga Sued W 1718"]
[Site "Germany"]
[Date "2018.02.04"]
[Round "8.7"]
[White "Schatz, Dieter"]
[Black "Vogel, Christian"]
[Result "1/2-1/2"]
[WhiteElo "2140"]
[BlackElo "2185"]
[PlyCount "64"]
[EventDate "2017.09.10"]
[EventType "team-tourn"]
[EventRounds "11"]
[EventCountry "GER"]
[SourceTitle "EXT 2019"]
[Source "ChessBase"]
[SourceDate "2018.10.10"]
[SourceVersion "1"]
[SourceVersionDate "2018.10.10"]
[SourceQuality "1"]
[WhiteTeam "Landau"]
[BlackTeam "Saarbruecken Gambit"]
[WhiteTeamCountry "GER"]
[BlackTeamCountry "GER"]

1. e4 g6 2. Nc3 Bg7 3. g3 c6 4. Bg2 e5 5. Nge2 Ne7 6. d4 0-0 7. dxe5 Bxe5 8. 0-0 d6 9. Bg5 Bg7 10. Qd2 f5 11. Rad1 fxe4 12. Nxe4 d5 13. c4 Nd7 14. cxd5 cxd5 15. Bxe7 Qxe7 16. Qxd5+ Kh8 17. N2c3 Ne5 18. Nd6 Bg4 19. f3 Be6 20. Qxb7 Qxb7 21. Nxb7 Rab8 22. Nc5 Bc4 23. Rf2 Ng4 24. Rfd2 Ne3 25. Rc1 Rfd8 26. Rxd8+ Rxd8 27. N5e4 Bd4 28. Kh1 Bd3 29. Nd1 Nf5 30. Ndc3 Ne3 31. Nd1 Nf5 32. Ndc3 Ne3 1/2-1/2

[Event "GER HS-228 email"]
[Site "GER email"]
[Date "2017.07.03"]
[Round "?"]
[White "Kunze, Juergen"]
[Black "Schatz, Dieter"]
[Result "1/2-1/2"]
[WhiteElo "1958"]
[BlackElo "1915"]
[PlyCount "68"]
[EventDate "2017.07.10"]
[EventType "tourn (corr)"]
[EventRounds "6"]
[EventCountry "GER"]
[SourceTitle "Corr 2020"]
[Source "ChessBase"]
[SourceDate "2019.09.30"]
[SourceVersion "1"]
[SourceVersionDate "2019.09.30"]
[SourceQuality "1"]

1. e4 e6 2. d3 d5 3. Nd2 c5 4. Ngf3 Nc6 5. g3 Bd6 6. Bg2 Nge7 7. 0-0 0-0 8. Nh4 b6 9. f4 dxe4 10. dxe4 Ba6 11. Re1 e5 12. f5 f6 13. Bf1 Bxf1 14. Nxf1 Bc7 15. Be3 Qxd1 16. Raxd1 g5 17. fxg6 hxg6 18. c3 Rad8 19. Nf3 Rxd1 20. Rxd1 Nc8 21. Kf2 Nd6 22. N1d2 Kf7 23. h4 Ke6 24. g4 Bd8 25. Rh1 f5 26. exf5+ gxf5 27. gxf5+ Rxf5 28. Ke2 Rh5 29. Ng5+ Bxg5 30. Bxg5 Ne7 31. Bxe7 Kxe7 32. Kf3 Ke6 33. Kg4 Rh8 34. h5 Rg8+ 1/2-1/2

[Event "GER HS-228 email"]
[Site "GER email"]
[Date "2017.07.03"]
[Round "?"]
[White "Schatz, Dieter"]
[Black "Spaeh, Jan Lukas"]
[Result "1/2-1/2"]
[WhiteElo "1915"]
[BlackElo "2040"]
[PlyCount "93"]
[EventDate "2017.07.10"]
[EventType "tourn (corr)"]
[EventRounds "6"]
[EventCountry "GER"]
[SourceTitle "Corr 2020"]
[Source "ChessBase"]
[SourceDate "2019.09.30"]
[SourceVersion "1"]
[SourceVersionDate "2019.09.30"]
[SourceQuality "1"]

1. e4 c5 2. Nf3 d6 3. Bb5+ Bd7 4. Bxd7+ Qxd7 5. 0-0 Nc6 6. Qe2 g6 7. c3 Bg7 8. Rd1 e5 9. Na3 Nge7 10. d4 exd4 11. cxd4 Nxd4 12. Nxd4 cxd4 13. Nb5 Nc6 14. Bf4 Be5 15. Bh6 a6 16. Na3 0-0-0 17. Rab1 Kb8 18. b4 b5 19. Nc2 Rhe8 20. a4 f5 21. axb5 Na7 22. bxa6 Nb5 23. Rb3 Rc8 24. f4 Bh8 25. e5 Rc3 26. Rb2 dxe5 27. fxe5 Bxe5 28. Qf1 Ka7 29. Bd2 Rcc8 30. Ne1 Bc7 31. Ra1 Nd6 32. b5 Re6 33. Nf3 Bb6 34. Ba5 Bxa5 35. Rxa5 Nc4 36. Ne5 Nxe5 37. b6+ Rxb6 38. Rxb6 Kxb6 39. Rxe5 Ka7 40. Re1 Re8 41. Rd1 Rd8 42. Qd3 Qd5 43. h3 Ka8 44. a7 Qe4 45. Qb5 Qb7 46. Qd3 Qe4 47. Qb5 1/2-1/2

[Event "GER HS-225 email"]
[Site "GER email"]
[Date "2017.05.31"]
[Round "?"]
[White "Kunze, Juergen"]
[Black "Schatz, Dieter"]
[Result "1/2-1/2"]
[WhiteElo "1958"]
[BlackElo "1915"]
[PlyCount "76"]
[EventDate "2017.06.06"]
[EventType "tourn (corr)"]
[EventRounds "6"]
[EventCountry "GER"]
[SourceTitle "Corr 2020"]
[Source "ChessBase"]
[SourceDate "2019.09.30"]
[SourceVersion "1"]
[SourceVersionDate "2019.09.30"]
[SourceQuality "1"]

1. f4 e6 2. Nf3 d5 3. e3 Bd6 4. Be2 Nf6 5. b3 0-0 6. Bb2 Qe7 7. 0-0 b6 8. c4 Bb7 9. Nc3 a6 10. Ne5 Ne4 11. Qc2 f6 12. Nf3 c5 13. Rad1 f5 14. cxd5 exd5 15. Ne5 Nxc3 16. Qxc3 Nd7 17. d4 Nf6 18. Qc2 Ne4 19. Bd3 Rac8 20. dxc5 Bxc5 21. Qe2 b5 22. Rc1 Rfd8 23. Rc2 Ba7 24. Rfc1 Rxc2 25. Rxc2 d4 26. exd4 Bxd4+ 27. Bxd4 Rxd4 28. Bxe4 Rxe4 29. Qf2 h6 30. Rd2 Qb4 31. Rd1 Kh7 32. Qg3 Qc5+ 33. Kf1 g5 34. Nf3 gxf4 35. Rd7+ Re7 36. Rxe7+ Qxe7 37. Qxf4 Be4 38. Qd2 Kg6 1/2-1/2

[Event "GER HS-223 email"]
[Site "GER email"]
[Date "2017.04.20"]
[Round "?"]
[White "Kunze, Juergen"]
[Black "Schatz, Dieter"]
[Result "1/2-1/2"]
[WhiteElo "1953"]
[BlackElo "1704"]
[PlyCount "88"]
[EventDate "2017.04.25"]
[EventType "tourn (corr)"]
[EventRounds "6"]
[EventCountry "GER"]
[SourceTitle "Corr 2020"]
[Source "ChessBase"]
[SourceDate "2019.09.30"]
[SourceVersion "1"]
[SourceVersionDate "2019.09.30"]
[SourceQuality "1"]

1. Nf3 e6 2. c4 d5 3. g3 Nf6 4. Bg2 Be7 5. d4 c6 6. 0-0 Nbd7 7. b3 0-0 8. Bb2 Ne4 9. Nbd2 f5 10. Qc2 a5 11. Ne1 Rf6 12. a4 Rh6 13. Nd3 b6 14. Nf3 Ba6 15. Nfe5 Nxe5 16. Nxe5 Rc8 17. Rfd1 Qe8 18. Bc1 Rf6 19. f3 Nd6 20. Bg5 Rf8 21. Bxe7 Qxe7 22. f4 Nf7 23. Nd3 Rfd8 24. e3 c5 25. dxc5 bxc5 26. Qc3 dxc4 27. Qxa5 cxd3 28. Qxa6 c4 29. bxc4 Qc5 30. Qxe6 Re8 31. Qd5 Qxe3+ 32. Kh1 Rcd8 33. Qxf5 d2 34. Bd5 Re7 35. a5 g6 36. Qh3 Rxd5 37. cxd5 Qd3 38. Rf1 Re2 39. Qg4 Re3 40. a6 Qxd5+ 41. Kg1 Qc5 42. Kg2 Qc2 43. Rad1 Qc6+ 44. Kg1 Qc5 1/2-1/2

[Event "GER HS-222 email"]
[Site "GER email"]
[Date "2017.04.06"]
[Round "?"]
[White "Schatz, Dieter"]
[Black "Bloesl, Sven"]
[Result "0-1"]
[WhiteElo "1704"]
[BlackElo "2005"]
[PlyCount "56"]
[EventDate "2017.04.11"]
[EventType "tourn (corr)"]
[EventRounds "6"]
[EventCountry "GER"]
[SourceTitle "Corr 2020"]
[Source "ChessBase"]
[SourceDate "2019.09.30"]
[SourceVersion "1"]
[SourceVersionDate "2019.09.30"]
[SourceQuality "1"]

1. e4 d6 2. d4 Nf6 3. Nc3 g6 4. Bg5 Bg7 5. Qe2 c6 6. 0-0-0 0-0 7. f4 b5 8. Bxf6 exf6 9. Qf3 b4 10. Nce2 f5 11. e5 Be6 12. a3 Qb6 13. h4 Rd8 14. h5 Nd7 15. hxg6 hxg6 16. axb4 dxe5 17. fxe5 a5 18. b5 cxb5 19. Nf4 a4 20. Nxe6 Nxe5 21. dxe5 Qxe6 22. Ne2 Qxe5 23. Qa3 b4 24. Qxb4 Qe3+ 25. Rd2 a3 26. bxa3 Rxa3 27. Kd1 Ra1+ 28. Nc1 Rxc1+ 0-1

[Event "GER HS-222 email"]
[Site "GER email"]
[Date "2017.04.06"]
[Round "?"]
[White "Schatz, Dieter"]
[Black "Ruppelt, Karl Heinz"]
[Result "0-1"]
[WhiteElo "1704"]
[BlackElo "1873"]
[PlyCount "22"]
[EventDate "2017.04.11"]
[EventType "tourn (corr)"]
[EventRounds "6"]
[EventCountry "GER"]
[SourceTitle "Corr 2020"]
[Source "ChessBase"]
[SourceDate "2019.09.30"]
[SourceVersion "1"]
[SourceVersionDate "2019.09.30"]
[SourceQuality "1"]

1. e4 e5 2. Nc3 Nf6 3. Bc4 Bc5 4. f4 d6 5. Nf3 0-0 6. d3 a5 7. Qe2 Nc6 8. f5 Nd4 9. Nxd4 exd4 10. Na4 Ba7 11. 0-0 Bd7 0-1

[Event "GER HS-219 email"]
[Site "GER email"]
[Date "2017.02.11"]
[Round "?"]
[White "Schatz, Dieter"]
[Black "Schwarte, Joachim"]
[Result "1/2-1/2"]
[WhiteElo "1704"]
[BlackElo "1819"]
[PlyCount "128"]
[EventDate "2017.02.17"]
[EventType "tourn (corr)"]
[EventRounds "6"]
[EventCountry "GER"]
[SourceTitle "Corr 2022"]
[Source "ChessBase"]
[SourceDate "2021.10.24"]
[SourceVersion "1"]
[SourceVersionDate "2021.10.24"]
[SourceQuality "1"]

1. e4 e5 2. Nc3 Nf6 3. Bc4 Bc5 4. d3 d6 5. Nf3 c6 6. Bg5 a6 7. 0-0 h6 8. Bh4 0-0 9. Re1 Bg4 10. h3 Bh5 11. a3 a5 12. g4 Bg6 13. b4 axb4 14. axb4 Rxa1 15. Qxa1 Bxb4 16. Rb1 Qa5 17. Na2 Bc5 18. Bxf6 b5 19. Be7 Re8 20. Bxd6 Bxd6 21. Bb3 Nd7 22. Nc3 Ra8 23. Qxa5 Rxa5 24. Nd1 Nc5 25. Ne3 Nxb3 26. cxb3 f6 27. Nf5 Bxf5 28. exf5 Bb4 29. d4 e4 30. Nh4 Bc3 31. Ng6 Kf7 32. Nf4 Bxd4 33. Ne6 Bb6 34. Rb2 g6 35. Rc2 gxf5 36. Rxc6 e3 37. fxe3 Bxe3+ 38. Kg2 fxg4 39. hxg4 Ra3 40. Nd8+ Kg6 41. Rc3 Bd4 42. Rd3 Be5 43. Nc6 Ra2+ 44. Kf3 Rh2 45. Nxe5+ fxe5 46. Kg3 Rb2 47. Kh4 e4 48. Re3 Kf6 49. Rxe4 Rxb3 50. Rf4+ Ke7 51. Kh5 Rh3+ 52. Kg6 Kd6 53. Rf6+ Kc5 54. Rf5+ Kc4 55. Rh5 Rxh5 56. gxh5 b4 57. Kxh6 b3 58. Kg7 b2 59. h6 b1Q 60. h7 Qg1+ 61. Kf8 Qf1+ 62. Kg8 Qg2+ 63. Kf8 Qb2 64. Kg8 Qb8+ 1/2-1/2

[Event "GER HS-218 email"]
[Site "GER email"]
[Date "2017.01.23"]
[Round "?"]
[White "Schatz, Dieter"]
[Black "Marten, Gero"]
[Result "0-1"]
[WhiteElo "1704"]
[BlackElo "1933"]
[PlyCount "30"]
[EventDate "2017.01.27"]
[EventType "tourn (corr)"]
[EventRounds "6"]
[EventCountry "GER"]
[SourceTitle "Corr 2020"]
[Source "ChessBase"]
[SourceDate "2019.09.30"]
[SourceVersion "1"]
[SourceVersionDate "2019.09.30"]
[SourceQuality "1"]

1. e4 c5 2. Nf3 d6 3. Bb5+ Bd7 4. Bxd7+ Nxd7 5. 0-0 Ngf6 6. Qe2 Rc8 7. c4 g6 8. Nc3 Bg7 9. b3 0-0 10. Bb2 Ne8 11. d3 Nc7 12. Nd5 e5 13. g3 Nxd5 14. cxd5 f5 15. Ng5 Qxg5 0-1

[Event "GER HS-218 email"]
[Site "GER email"]
[Date "2017.01.23"]
[Round "?"]
[White "Schatz, Dieter"]
[Black "Zordick, Milon"]
[Result "0-1"]
[WhiteElo "1704"]
[BlackElo "1979"]
[PlyCount "84"]
[EventDate "2017.01.27"]
[EventType "tourn (corr)"]
[EventRounds "6"]
[EventCountry "GER"]
[SourceTitle "Corr 2020"]
[Source "ChessBase"]
[SourceDate "2019.09.30"]
[SourceVersion "1"]
[SourceVersionDate "2019.09.30"]
[SourceQuality "1"]

1. e4 e5 2. Nc3 Nf6 3. Bc4 Bc5 4. f4 d5 5. exd5 e4 6. d4 exd3 7. Qxd3 0-0 8. Nge2 Re8 9. h3 a6 10. a4 Ra7 11. b4 Bxb4 12. Bb2 Nbd7 13. 0-0-0 Qe7 14. g4 Bd6 15. Kb1 Nc5 16. Qf3 Qe3 17. Rhf1 Bd7 18. Ng3 b5 19. axb5 axb5 20. Nxb5 Rb7 21. Nxd6 cxd6 22. g5 Rxb2+ 23. Kxb2 Na4+ 24. Ka1 Qc5 25. gxf6 Re3 26. Qxe3 Qxe3 27. Rd3 Qc5 28. Rb1 gxf6 29. Ne4 Qxc4 30. Nxf6+ Kg7 31. Nxd7 Kh6 32. Nf6 Nc5 33. Ng4+ Kh5 34. Ra3 Qxf4 35. Ne3 Qd4+ 36. Ka2 f5 37. Rd1 Qe4 38. Rg1 f4 39. Rg4 Nd7 40. Ng2 Qxc2+ 41. Ka1 Ne5 42. Nxf4+ Kh6 0-1

[Event "GER HS-213 email"]
[Site "GER email"]
[Date "2016.10.17"]
[Round "?"]
[White "Ott, Peter"]
[Black "Schatz, Dieter"]
[Result "1-0"]
[WhiteElo "1930"]
[BlackElo "1728"]
[PlyCount "61"]
[EventDate "2016.10.24"]
[EventType "tourn (corr)"]
[EventRounds "6"]
[EventCountry "GER"]
[SourceTitle "Corr 2020"]
[Source "ChessBase"]
[SourceDate "2019.09.30"]
[SourceVersion "1"]
[SourceVersionDate "2019.09.30"]
[SourceQuality "1"]

1. d4 e6 2. e4 d5 3. e5 c5 4. c3 Bd7 5. Nf3 a6 6. a3 c4 7. g3 Be7 8. Be3 Nc6 9. Nbd2 h5 10. h4 Nh6 11. Bf4 Nf5 12. Bh3 Na5 13. Bxf5 exf5 14. 0-0 Qb6 15. Re1 Qxb2 16. Rb1 Qxa3 17. e6 Bxe6 18. Rxe6 fxe6 19. Qe2 Qa4 20. Rb6 Qd7 21. Ne5 Qd8 22. Rxe6 0-0 23. Ng6 Bf6 24. Qxh5 Re8 25. Rd6 Re1+ 26. Kg2 Qe8 27. Nf3 Nc6 28. Bg5 Re6 29. Bxf6 Rxf6 30. Qh8+ Kf7 31. Ng5+ 1-0

[Event "GER HS-213 email"]
[Site "GER email"]
[Date "2016.10.17"]
[Round "?"]
[White "Schatz, Dieter"]
[Black "Fuss, Heinrich"]
[Result "0-1"]
[WhiteElo "1728"]
[BlackElo "1850"]
[PlyCount "94"]
[EventDate "2016.10.24"]
[EventType "tourn (corr)"]
[EventRounds "6"]
[EventCountry "GER"]
[SourceTitle "Corr 2020"]
[Source "ChessBase"]
[SourceDate "2019.09.30"]
[SourceVersion "1"]
[SourceVersionDate "2019.09.30"]
[SourceQuality "1"]

1. e4 c5 2. Nf3 d6 3. Bb5+ Bd7 4. Bxd7+ Nxd7 5. 0-0 e6 6. Qe2 a6 7. d4 cxd4 8. Nxd4 Be7 9. c4 Bf6 10. Rd1 Qc7 11. Na3 Ne7 12. Be3 0-0 13. Rac1 Rac8 14. b3 Nc5 15. f3 Rfd8 16. b4 Nd7 17. Nb3 b6 18. g3 h6 19. Kg2 Rb8 20. Bf2 g5 21. c5 bxc5 22. bxc5 d5 23. Nc2 dxe4 24. fxe4 Bb2 25. Rb1 Bg7 26. Qxa6 Ra8 27. Qd6 Qb7 28. Qd3 Rxa2 29. Na5 Qa8 30. Nb7 Rf8 31. Nb4 Ne5 32. Qb5 Ng4 33. Nxa2 Qxa2 34. Rf1 Bd4 35. Rbe1 Bxf2 36. Re2 Qa7 37. Rfxf2 Rb8 38. Rb2 Nxf2 39. Kxf2 Ng6 40. Kg2 Ne5 41. h3 h5 42. c6 Qd4 43. Qe2 Nxc6 44. Rd2 Qe5 45. Nd6 Rb3 46. Qf2 f6 47. Ne8 Kf7 0-1

[Event "GER HS-210 email"]
[Site "GER email"]
[Date "2016.08.31"]
[Round "?"]
[White "Schatz, Dieter"]
[Black "Lukas, Maritta"]
[Result "0-1"]
[WhiteElo "1728"]
[BlackElo "1990"]
[PlyCount "90"]
[EventDate "2016.09.05"]
[EventType "tourn (corr)"]
[EventRounds "6"]
[EventCountry "GER"]
[SourceTitle "Corr 2020"]
[Source "ChessBase"]
[SourceDate "2019.09.30"]
[SourceVersion "1"]
[SourceVersionDate "2019.09.30"]
[SourceQuality "1"]

1. e4 e6 2. d4 c5 3. c3 d5 4. e5 Nc6 5. Nf3 Bd7 6. Be2 Nge7 7. 0-0 Ng6 8. g3 f6 9. exf6 Qxf6 10. Bg5 Qf7 11. Be3 Be7 12. dxc5 e5 13. Nbd2 0-0 14. h4 Bh3 15. Qb3 Rab8 16. Rad1 Nf4 17. Kh2 Bxf1 18. Bxf1 Nh5 19. Be2 Kh8 20. Ng5 Bxg5 21. hxg5 g6 22. Nf3 Rbd8 23. Kg2 Ng7 24. Nh4 Ne6 25. Bg4 Na5 26. Qc2 Nc4 27. Bc1 d4 28. b3 d3 29. Rxd3 Rxd3 30. Bxe6 Rxc3 31. Qxc3 Qxf2+ 32. Kh3 Qf1+ 33. Kg4 Qe2+ 34. Nf3 Qe4+ 35. Bf4 Rxf4+ 36. gxf4 Ne3+ 37. Qxe3 Qxe3 38. fxe5 Kg7 39. a4 h5+ 40. gxh6+ Kxh6 41. Bd5 Qxc5 42. Bc4 g5 43. e6 Qf2 44. Bd5 Qe3 45. Kg3 Kh5 0-1